000 00693nam a2200229Ia 4500
005 20241129110008.0
008 241129s9999||||xx |||||||||||||| ||und||
020 _a978-1-3501-7171-8
037 _aTB
040 _aARTS
_beng
_cARTS
041 _aeng
_2eng
084 _aV1 R2
_qARTS
100 _aBurton Antoinette Ed.; Ballantyne Tony Ed.
_9726786
245 0 _aWorld histories from below: disruption and dissent, 1750 to the present
_cBurton Antoinette Ed.; Ballantyne Tony Ed.
250 _a2nd
260 _aUK
_bBloomsbury Academic
_c2021
300 _axviii,289p.
365 _aUKP
_b24.99
650 _aHistory-World
942 _cTB
_hV1 R2
999 _c1226917
_d1226917